000 01702cam a22004694i 4500
003 PE-LiUPU
005 20250731172941.0
008 150623s r 000 0 d
020 _a0268008167
035 _a(Sirsi) i9780268008161
040 _aPE-LiUPU
_bspa
_cPE-LiUPU
_erda
049 _aPRUA
082 0 4 _a296.155
_bC27
_221
100 1 _aUlrich, Eugene,
_eautor.
245 1 4 _aThe community of the renewed covenant :
_bthe Notre Dame symposium on the Dead Sea Scrolls /
_cEugene Ulrich.
264 1 _aNotre Dame :
_bUniversity of Notre Dame Press,
_c1994.
300 _a290 páginas ;
_c23 centímetros
336 _atext
_2rdacontent
337 _aunmediated
_2rdamedia
338 _avolume
_2rdacarrier
490 0 _aChristianity and Judaism in antiquity series ;
_v10
504 _aBibliografía al pie de páginas.
505 0 _aThe identity of the community. -The Community and its religious law. -The scriptures at Qumran. -Wisdom and prayer. -Apocalypticism, Messianism, and Eschatology.
526 _aSEG42
526 _aSEG41
526 _aSEG40
526 _aSEG39
526 _aP94
526 _aP87
526 _aP86
526 _aP85
526 _aP77
526 _aP76
526 _aP35
650 0 4 _aManuscritos del mar muerto.
942 _2ddc
_cBOOK
949 _a296.155 C27
_wDEWEY
_c1
_i44614
_lCCODEBUL1
_mBUL
_r0
_sY
_tBOOK
_u2015-6-24
_xTEOLOGIA
_PP35
_0COMPRA
_o.STAFF. Colección General
994 _aC0
_bPEPRU
596 _a1
999 _a296.155 C27
_wDEWEY
_c21470
_i44614
_f2021-11-12
_g5
_lCCODEBUL1
_mBUL
_r0
_sY
_tBOOK
_u2015-6-24
_xTEOLOGIA
_PP35
_0COMPRA
_o.STAFF. Colección General
_d21470
980 _81
_gALBERTO SANCHEZ Responsable de Automatización